Educación corporal y estética : las actividades circenses como contenido de la educación física.

Uloženo v:
Podrobná bibliografie
Hlavní autor: Ontañón Barragán, Teresa (autor)
Další autoři: Coelho Bortoleto, Marco Antonio, coaut (autor) coaut, (autor), Silva, Erminia, coaut (autor) coaut, (autor)
Médium: Seriál
Jazyk:španělština
Témata:
On-line přístup:Ver documento en línea
Tagy: Přidat tag
Žádné tagy, Buďte první, kdo vytvoří štítek k tomuto záznamu!

MARC

LEADER 00000cas^a2200000uu^4500
001 000532342
005 20260414000000.0
008 050901s1995^^^^^^^^^^^^r^^r^^000^0^spa^d
009 20260414194857.894
022 |a 10226508 
035 |a FCE 000076590 
035 |a FCE 019730 
037 |a Acervo ITESO - Biblioteca 
041 |a spa 
095 |a REVISTA IBEROAMERICANA DE EDUCACION  |b 62/2013 (PDF) 
100 |a Ontañón Barragán, Teresa  |e (autor) 
245 1 0 |a Educación corporal y estética :  |b las actividades circenses como contenido de la educación física. 
264 |a Madrid :  |b OEI,  |c 2013. 
336 |a texto  |b txt  |2 rdacontenido 
337 |a sin mediación  |b n  |2 rdamedio 
338 |a volumen  |b nc  |2 rdasoporte 
649 |a XX 
650 |a Educación estética 
650 |a Educación corporal 
650 |a Educación física 
650 |a Circo 
740 |g no. 62, may.-ago. 2013, pp. 233-243  |t Revista Iberoamericana de Educación, 
700 |a Coelho Bortoleto, Marco Antonio,  |e coaut  |e (autor) 
700 |a Silva, Erminia,  |e coaut  |e (autor) 
856 4 0 |u https://www.rieoei.org/rie62a13.pdf  |y Ver documento en línea 
910 |a Fondo Centro de Estudios Educativos 
920 |a Impresos - Libros 
930 |a Fondos Especiales 
905 |a 133 
902 |a https://opac.biblio.iteso.mx/vufind/Record/000532342